[Event "Brno op 12th"]
[Site "Brno"]
[Date "2023.11.12"]
[Round "2"]
[White "Benes, Miroslav"]
[Black "Husek, Martin"]
[Result "0-1"]
[WhiteElo "1866"]
[BlackElo "2245"]
[PlyCount "70"]
[EventDate "2023.11.11"]
[EventType "swiss"]
[EventRounds "9"]
[EventCountry "CZE"]
[SourceTitle "CB47_2023"]
[SourceDate "2023.11.22"]
[SourceVersion "1"]
[SourceVersionDate "2023.11.22"]
[SourceQuality "1"]

1. e4 c5 2. Nf3 Nc6 3. Nc3 e5 4. Bc4 g6 5. d3 h6 6. Be3 d6 7. a3 Bg7 8. Nd5 Nge7 9. 0-0 Nxd5 10. Bxd5 Ne7 11. Ba2 0-0 12. c3 b6 13. d4 exd4 14. cxd4 Bg4 15. Qd2 Bxf3 16. gxf3 Nc6 17. Bd5 Nxd4 18. Bxd4 cxd4 19. Bxa8 Qh4 20. f4 Qg4+ 21. Kh1 Qf3+ 22. Kg1 Rxa8 23. Rfe1 Re8 24. Rac1 g5 25. e5 dxe5 26. fxg5 e4 27. Qe2 Qxe2 28. Rxe2 d3 29. Re3 Bd4 30. gxh6 Bxe3 31. fxe3 Re5 32. Kf2 Rf5+ 33. Kg2 Rf3 34. Rg1 Kh7 35. Re1 Rxe3 0-1

[Event "CZE-ch Amateur"]
[Site "Hluk"]
[Date "2023.05.09"]
[Round "6"]
[White "Sembera, Milan"]
[Black "Benes, Miroslav"]
[Result "1-0"]
[WhiteElo "1740"]
[BlackElo "1939"]
[PlyCount "105"]
[EventDate "2023.05.06"]
[EventType "swiss"]
[EventRounds "9"]
[EventCountry "CZE"]
[SourceTitle "CBM 214 Extra"]
[Source "ChessBase"]
[SourceDate "2023.07.31"]
[SourceVersion "1"]
[SourceVersionDate "2023.07.31"]
[SourceQuality "1"]

1. d4 c5 2. e3 e6 3. Nf3 Nf6 4. c4 cxd4 5. exd4 d5 6. Nc3 Be7 7. Qc2 Nc6 8. a3 0-0 9. c5 e5 10. dxe5 Ng4 11. Bd3 Bxc5 12. 0-0 h6 13. Bf4 Nd4 14. Qd1 g5 15. Bg3 h5 16. Nxd4 Bxd4 17. Bc2 Bxe5 18. Bxe5 Nxe5 19. Qxh5 f5 20. Bb3 Be6 21. Qe2 Qd6 22. Rfe1 Nc6 23. Qxe6+ Qxe6 24. Rxe6 Nd4 25. Bxd5 Nxe6 26. Bxe6+ Kg7 27. Bd5 Rfd8 28. Re1 Rd7 29. g3 Rad8 30. Kg2 Rxd5 31. Nxd5 Rxd5 32. Re7+ Kf6 33. Rxb7 a5 34. b4 Rd3 35. Rb6+ Kg7 36. bxa5 Rxa3 37. a6 Kh7 38. Rb7+ Kh6 39. a7 Kg6 40. Kf1 Ra2 41. Ke1 Kf6 42. Kd1 g4 43. Kc1 Ke5 44. Kb1 Ra6 45. Kb2 Ke4 46. Rf7 Ke5 47. Kc3 Ke6 48. Rh7 Ke5 49. Kb4 Ke4 50. Rf7 Ke5 51. Kb5 Ra1 52. Kb6 Rb1+ 53. Kc7 1-0

[Event "Zlin Region-chT 2223"]
[Site "Czech Republic"]
[Date "2023.04.02"]
[Round "11.4"]
[White "Benes, Miroslav"]
[Black "Hobza, Vojtech"]
[Result "1-0"]
[WhiteElo "1914"]
[BlackElo "1616"]
[PlyCount "51"]
[EventDate "2022.10.09"]
[EventType "team-tourn"]
[EventRounds "11"]
[EventCountry "CZE"]
[SourceTitle "EXT 2024"]
[Source "ChessBase"]
[SourceDate "2023.10.10"]
[SourceVersion "1"]
[SourceVersionDate "2023.10.10"]
[SourceQuality "1"]
[WhiteTeam "Kromeriz Slavia III"]
[BlackTeam "Zlin Malenovice"]
[WhiteTeamCountry "CZE"]
[BlackTeamCountry "CZE"]

1. Nf3 d5 2. c4 c6 3. e3 Nf6 4. Nc3 Bg4 5. cxd5 cxd5 6. Qb3 e6 7. Qxb7 Nbd7 8. Bb5 Bxf3 9. gxf3 Bc5 10. d4 Bb6 11. Qa6 0-0 12. f4 Qc7 13. Bd2 Rfc8 14. 0-0 Qd8 15. Be2 Rc6 16. Qa4 Rac8 17. Ba6 R8c7 18. Bb5 Rd6 19. Ne2 Ng4 20. f3 Nxh2 21. Kxh2 Qh4+ 22. Kg2 e5 23. Bxd7 Rcxd7 24. Be1 Rg6+ 25. Bg3 Re7 26. Rh1 1-0

[Event "CZE-chT2E 2122"]
[Site "Czech Republic"]
[Date "2022.02.13"]
[Round "8.7"]
[White "Benes, Miroslav"]
[Black "Fryda, Dominik1111"]
[Result "1-0"]
[WhiteElo "1969"]
[BlackElo "1776"]
[PlyCount "153"]
[EventDate "2021.10.17"]
[EventType "team-tourn"]
[EventRounds "11"]
[EventCountry "CZE"]
[SourceTitle "EXT 2024"]
[Source "ChessBase"]
[SourceDate "2023.10.10"]
[SourceVersion "1"]
[SourceVersionDate "2023.10.10"]
[SourceQuality "1"]
[WhiteTeam "Kromeriz Slavia II"]
[BlackTeam "Brno Lokomotiva"]
[WhiteTeamCountry "CZE"]
[BlackTeamCountry "CZE"]

1. Nf3 Nf6 2. c4 c5 3. Nc3 Nc6 4. g3 g6 5. Bg2 Bg7 6. 0-0 0-0 7. d4 cxd4 8. Nxd4 a6 9. Nc2 d6 10. Ne3 Rb8 11. Ned5 Bd7 12. Be3 Nxd5 13. cxd5 Ne5 14. Bd4 b5 15. b3 Qa5 16. a3 Rfc8 17. Qd2 Nf3+ 18. Bxf3 Bxd4 19. Qxd4 Qxc3 20. Qh4 Qe5 21. Rac1 h5 22. Rfd1 Kf8 23. Qb4 Qb2 24. Rc6 Bxc6 25. dxc6 Qc2 26. Qd4 Kg8 27. b4 Rxc6 28. Bxc6 Qxc6 29. Qe3 Rb7 30. Rc1 Qd5 31. Rc8+ Kg7 32. Qc3+ f6 33. e3 h4 34. gxh4 Qd1+ 35. Kg2 Qg4+ 36. Kf1 Qxh4 37. Kg1 g5 38. Qc6 Ra7 39. Qe8 Qg4+ 40. Kf1 Qe6 41. Qh8+ Kg6 42. Qe8+ Kf5 43. Qh8 Qf7 44. Qh3+ g4 45. e4+ Ke5 46. Qc3+ Kxe4 47. Qe3+ Kf5 48. Qxa7 Qb3 49. Qe3 Qd1+ 50. Kg2 Qd5+ 51. Kg3 e5 52. Rc3 Ke6 53. Rd3 Qh1 54. f3 gxf3 55. Qxf3 Qe1+ 56. Kg2 e4 57. Qh3+ Ke7 58. Qh7+ Ke6 59. Qg8+ Ke7 60. Qg7+ Ke6 61. Qg4+ Ke7 62. Rd1 Qe3 63. h4 Qxa3 64. Qxe4+ Kf7 65. Qh7+ Ke6 66. Qg8+ Ke7 67. Re1+ Kd7 68. Qe8+ Kc7 69. Re7+ Kb6 70. Qb8+ Kc6 71. Qc7+ Kd5 72. Qb7+ Kd4 73. Re4+ Kd3 74. Qd5+ Kc2 75. Re2+ Kc1 76. Qd2+ Kb1 77. Re1+ 1-0

[Event "CZE-ch Betsys Online Blitz"]
[Site "Chess.com INT"]
[Date "2021.04.17"]
[Round "6"]
[White "Benes, Miroslav"]
[Black "Hosova, Sandra"]
[Result "1-0"]
[WhiteElo "1977"]
[BlackElo "1379"]
[PlyCount "75"]
[EventDate "2021.04.17"]
[EventType "swiss (blitz)"]
[EventRounds "13"]
[EventCountry "CZE"]
[SourceTitle "CBM 201 Extra"]
[Source "ChessBase"]
[SourceDate "2021.05.31"]
[SourceVersion "1"]
[SourceVersionDate "2021.05.31"]
[SourceQuality "1"]

1. Nf3 Nf6 2. g3 g6 3. Bg2 Bg7 4. 0-0 0-0 5. d4 d5 6. c4 c6 7. Nbd2 e6 8. Re1 Nbd7 9. e4 c5 10. cxd5 exd5 11. e5 Ne8 12. e6 fxe6 13. Rxe6 cxd4 14. Nb3 Ndf6 15. Re1 Ne4 16. Nbxd4 Qb6 17. Nb3 Qxf2+ 18. Kh1 Qb6 19. Qxd5+ Kh8 20. Qxe4 Bf5 21. Qe3 Qc7 22. Qc5 Qd7 23. Bf4 Nf6 24. Rad1 Qa4 25. Qa5 Qc6 26. Ne5 Qc2 27. Rd2 Qc8 28. Red1 Ne4 29. Rd8 Rxd8 30. Rxd8+ Qxd8 31. Nf7+ Kg8 32. Nxd8 Nf2+ 33. Kg1 Nd3 34. Qd5+ Kh8 35. Nf7+ Kg8 36. Nh6+ Kh8 37. Qg8+ Rxg8 38. Nf7# 1-0

[Event "CZE-ch Betsys Online Blitz"]
[Site "Chess.com INT"]
[Date "2021.04.17"]
[Round "5"]
[White "Benes, Miroslav"]
[Black "Tomanec, Samuel"]
[Result "0-1"]
[WhiteElo "1977"]
[BlackElo "1395"]
[PlyCount "64"]
[EventDate "2021.04.17"]
[EventType "swiss (blitz)"]
[EventRounds "13"]
[EventCountry "CZE"]
[SourceTitle "CBM 201 Extra"]
[Source "ChessBase"]
[SourceDate "2021.05.31"]
[SourceVersion "1"]
[SourceVersionDate "2021.05.31"]
[SourceQuality "1"]

1. d4 d5 2. c4 e6 3. Nc3 Nf6 4. cxd5 exd5 5. Bg5 Be7 6. Qc2 0-0 7. e3 h6 8. Bh4 Be6 9. Bd3 c5 10. Nge2 cxd4 11. Nxd4 Nc6 12. Nxe6 fxe6 13. 0-0 Rc8 14. Qb3 Na5 15. Qa4 Nc4 16. b3 Nb2 17. Qd4 e5 18. Qxe5 Nxd3 19. Qd4 Nc5 20. Rad1 Nce4 21. Ne2 Bc5 22. Qe5 Qe8 23. Qf5 g6 24. Qh3 g5 25. Bg3 h5 26. Qf5 h4 27. Be5 Nd7 28. Rxd5 Rxf5 29. Rfd1 Rxe5 30. R5d3 Ndf6 31. f4 gxf4 32. Nxf4 Rf5 0-1

[Event "CZE-ch"]
[Site "Plzen"]
[Date "2020.08.28"]
[Round "6"]
[White "Benes, Miroslav"]
[Black "Placer, Sebastian"]
[Result "0-1"]
[WhiteElo "2011"]
[BlackElo "2097"]
[PlyCount "140"]
[EventDate "2020.08.23"]
[EventType "swiss"]
[EventRounds "9"]
[EventCountry "CZE"]
[SourceTitle "CBM 198 Extra"]
[Source "ChessBase"]
[SourceDate "2020.11.30"]
[SourceVersion "1"]
[SourceVersionDate "2020.11.30"]
[SourceQuality "1"]

1. Nf3 Nf6 2. c4 g6 3. Nc3 d5 4. cxd5 Nxd5 5. e4 Nxc3 6. dxc3 Qxd1+ 7. Kxd1 f6 8. Be3 e5 9. Nd2 Be6 10. Bc4 Kf7 11. Kc2 Nd7 12. b4 c6 13. Rhd1 Bd6 14. Bxe6+ Kxe6 15. Nc4 Bc7 16. Rd3 f5 17. exf5+ gxf5 18. Re1 Rhg8 19. g3 b5 20. Nxe5 Nxe5 21. Bd4 Rge8 22. f4 Kf6 23. Bxe5+ Bxe5 24. fxe5+ Rxe5 25. Rd6+ Ke7 26. Rxe5+ Kxd6 27. Rxf5 a5 28. bxa5 Rxa5 29. Kb3 Ra7 30. Rh5 Re7 31. a4 bxa4+ 32. Kxa4 Rb7 33. c4 c5 34. Ka5 Rb4 35. Rh6+ Ke5 36. Rxh7 Rxc4 37. Kb5 Rc1 38. Rh4 Kd5 39. Rh5+ Kd4 40. Rh4+ Kd5 41. Rh5+ Kd4 42. Rh4+ Kd3 43. Rh8 c4 44. Rd8+ Kc3 45. h4 Kb3 46. Kc6 c3 47. Rb8+ Kc4 48. Kd6 Rg1 49. Ke5 Rxg3 50. Kf4 Rh3 51. Kg4 Rd3 52. h5 Rd4+ 53. Kg3 Rd5 54. h6 Rh5 55. Rc8+ Kd3 56. Rc6 c2 57. Kg4 Rxh6 58. Rxh6 c1Q 59. Rd6+ Ke4 60. Re6+ Kd5 61. Rf6 Qg1+ 62. Kf5 Qf2+ 63. Kg6 Qh4 64. Kg7 Ke5 65. Rf7 Ke6 66. Rf8 Qe7+ 67. Kg8 Qd7 68. Kh8 Ke7 69. Rf3 Qd4+ 70. Kg8 Qg4+ 0-1

[Event "CZE-ch"]
[Site "Plzen"]
[Date "2020.08.24"]
[Round "2"]
[White "Simet, Martin"]
[Black "Benes, Miroslav"]
[Result "1-0"]
[WhiteElo "2194"]
[BlackElo "2011"]
[PlyCount "83"]
[EventDate "2020.08.23"]
[EventType "swiss"]
[EventRounds "9"]
[EventCountry "CZE"]
[SourceTitle "CBM 198 Extra"]
[Source "ChessBase"]
[SourceDate "2020.11.30"]
[SourceVersion "1"]
[SourceVersionDate "2020.11.30"]
[SourceQuality "1"]

1. d4 d5 2. Bf4 Nf6 3. e3 e6 4. Nd2 Bd6 5. Bg3 c5 6. c3 Qc7 7. Ngf3 Nbd7 8. Rc1 0-0 9. Be2 b6 10. c4 Bb7 11. cxd5 exd5 12. dxc5 bxc5 13. Nd4 Bxg3 14. hxg3 Qa5 15. N4b3 Qb6 16. g4 h6 17. Qc2 Rac8 18. g5 hxg5 19. Qf5 Rfe8 20. Qxg5 Ne5 21. Nf3 Nxf3+ 22. gxf3 a5 23. Rg1 g6 24. Bd3 Nh7 25. Qh6 Nf8 26. Nd2 Qf6 27. b3 Ba6 28. Bb1 Qb2 29. Kd1 Qg7 30. Qh4 Rcd8 31. f4 d4 32. e4 d3 33. e5 a4 34. Rh1 axb3 35. axb3 Bc8 36. Ne4 Nd7 37. Nf6+ Kf8 38. Qh8+ Qxh8 39. Rxh8+ Ke7 40. Rxe8+ Rxe8 41. Nxe8 Kxe8 42. Bxd3 1-0

[Event "Vsetin op 45th"]
[Site "Vsetin"]
[Date "2020.07.04"]
[Round "1"]
[White "Delgerdalai, Bayarjavkhlan"]
[Black "Benes, Miroslav"]
[Result "1-0"]
[WhiteElo "1656"]
[BlackElo "2036"]
[PlyCount "101"]
[EventDate "2020.07.04"]
[EventType "swiss"]
[EventRounds "9"]
[EventCountry "CZE"]
[SourceTitle "CBM 197 Extra"]
[Source "ChessBase"]
[SourceDate "2020.09.30"]
[SourceVersion "1"]
[SourceVersionDate "2020.09.30"]
[SourceQuality "1"]

1. e4 d5 2. exd5 Qxd5 3. Nc3 Qa5 4. Nf3 c6 5. d4 Bf5 6. Bd3 Bg6 7. 0-0 e6 8. Bf4 Nf6 9. Qe2 Nbd7 10. Ne4 Nxe4 11. Bxe4 Be7 12. c3 Bxe4 13. Qxe4 Qd5 14. Qe2 0-0 15. Rfe1 Bf6 16. Ne5 Bxe5 17. dxe5 Nb6 18. b3 Qc5 19. c4 Rfd8 20. Qg4 Rd3 21. Rad1 Rad8 22. Bh6 Qf8 23. Rxd3 Rxd3 24. h4 Kh8 25. Be3 Qd8 26. h5 h6 27. Qf3 Qd7 28. g4 Nc8 29. Kg2 a6 30. g5 hxg5 31. h6 Ne7 32. hxg7+ Kxg7 33. Qf6+ Kg8 34. Qxg5+ Ng6 35. Rh1 Rd1 36. Rh5 Qd3 37. Qh6 Qe4+ 38. f3 Qc2+ 39. Kg3 Qd3 40. Qh7+ Kf8 41. Bc5+ Ke8 42. Qg8+ Kd7 43. Qxf7+ Kc8 44. Qxe6+ Qd7 45. Qxd7+ Rxd7 46. f4 Kc7 47. Bd6+ Kb6 48. f5 Ne7 49. Bxe7 Rxe7 50. f6 Rf7 51. Rf5 1-0

[Event "CZE-chT2E 1920"]
[Site "Czech Republic"]
[Date "2019.10.13"]
[Round "1.6"]
[White "Benes, Miroslav"]
[Black "Messerschmidt, Stanislav"]
[Result "1-0"]
[WhiteElo "2037"]
[BlackElo "2015"]
[PlyCount "101"]
[EventDate "2019.10.13"]
[EventType "team-tourn"]
[EventRounds "11"]
[EventCountry "CZE"]
[SourceTitle "EXT 2024"]
[Source "ChessBase"]
[SourceDate "2023.10.10"]
[SourceVersion "1"]
[SourceVersionDate "2023.10.10"]
[SourceQuality "1"]
[WhiteTeam "Kromeriz Slavia II"]
[BlackTeam "Orechov Orel"]
[WhiteTeamCountry "CZE"]
[BlackTeamCountry "CZE"]

1. d4 Nf6 2. c4 c5 3. d5 b5 4. cxb5 a6 5. bxa6 g6 6. Nc3 Bg7 7. e4 d6 8. Nf3 0-0 9. h3 Qa5 10. Nd2 Bxa6 11. Be2 Nbd7 12. 0-0 Rfb8 13. Re1 Ne5 14. Rb1 Bd3 15. Bxd3 Nxd3 16. Nc4 Nxf2 17. Kxf2 Qb4 18. Qe2 Nh5 19. Be3 Bd4 20. a3 Qb3 21. Nd2 Qb7 22. Qc4 Be5 23. Kg1 Qd7 24. Nf3 Bg3 25. Rf1 Rf8 26. Ne2 Ra4 27. Qc2 f5 28. exf5 Rxf5 29. Nxg3 Nxg3 30. Rf2 Rxd5 31. Kh2 Nf5 32. Bd2 e6 33. Bc3 e5 34. Re1 Rf4 35. Ng5 Rxf2 36. Qxf2 Rd3 37. Ne4 Qc6 38. Qc2 c4 39. Bb4 Re3 40. Rxe3 Nxe3 41. Nf6+ Kg7 42. Qf2 Nf5 43. Ng4 Qc7 44. Bc3 h5 45. Ne3 Ne7 46. Qf3 h4 47. Qe4 Qc5 48. Nxc4 Nf5 49. Nxe5 d5 50. Qxf5 gxf5 51. Nd3+ 1-0

[Event "Skalica op"]
[Site "Skalica"]
[Date "2019.08.29"]
[Round "6"]
[White "Sefcik, Marek"]
[Black "Benes, Miroslav"]
[Result "1-0"]
[WhiteElo "2024"]
[BlackElo "2107"]
[PlyCount "99"]
[EventDate "2019.08.25"]
[EventType "swiss"]
[EventRounds "9"]
[EventCountry "SVK"]
[SourceTitle "EXT 2020"]
[Source "ChessBase"]
[SourceDate "2019.10.17"]
[SourceVersion "1"]
[SourceVersionDate "2019.10.17"]
[SourceQuality "1"]

1. e4 c5 2. Nf3 g6 3. d4 Bg7 4. dxc5 Qa5+ 5. Bd2 Qxc5 6. Bc3 Nf6 7. Bd3 0-0 8. 0-0 d6 9. Nbd2 Nbd7 10. h3 b6 11. Re1 Bb7 12. a4 a6 13. Qe2 Qc6 14. Nb3 Bh6 15. Bd2 Bg7 16. Bc3 Rfe8 17. Qe3 e5 18. Nfd2 d5 19. Qf3 Qc7 20. a5 b5 21. Bb4 Rac8 22. c3 Qb8 23. Qe3 Qc7 24. Rad1 Nh5 25. g3 Nhf6 26. f3 Nh5 27. Qf2 Bh6 28. Nf1 Bg7 29. Kh2 Nhf6 30. Qe2 h5 31. Qf2 d4 32. Bb1 dxc3 33. bxc3 Bf8 34. Ba2 Red8 35. Qb2 h4 36. g4 Bh6 37. Qf2 Bf4+ 38. Kg2 g5 39. Rd3 Nf8 40. Rxd8 Rxd8 41. Qb6 Qxb6 42. axb6 Ne6 43. Be7 Rd7 44. Bxf6 Kh7 45. Na5 Nc5 46. Nxb7 Nxb7 47. Bd5 Kg6 48. Bxb7 Rxb7 49. Bd8 Rd7 50. Bc7 1-0

[Event "Olomouc op 22nd"]
[Site "Olomouc"]
[Date "2019.08.12"]
[Round "4"]
[White "Benes, Miroslav"]
[Black "Sklenar, Tomas"]
[Result "1-0"]
[WhiteElo "2107"]
[BlackElo "1582"]
[PlyCount "81"]
[EventDate "2019.08.10"]
[EventType "swiss"]
[EventRounds "9"]
[EventCountry "CZE"]
[SourceTitle "CBM 191 Extra"]
[Source "ChessBase"]
[SourceDate "2019.09.30"]
[SourceVersion "1"]
[SourceVersionDate "2019.09.30"]
[SourceQuality "1"]

1. Nf3 Nf6 2. c4 g6 3. Nc3 Bg7 4. e4 d6 5. d4 0-0 6. Be2 e5 7. Be3 Nc6 8. d5 Ne7 9. Nd2 Nd7 10. b4 f5 11. f3 f4 12. Bf2 Rf7 13. c5 g5 14. Nc4 Nf6 15. cxd6 cxd6 16. Nb5 Ne8 17. Bxa7 Bd7 18. Bb6 Bxb5 19. Bxd8 Rxd8 20. a4 Bxc4 21. Bxc4 Nc7 22. Rf1 Ra8 23. Rf2 Nc8 24. a5 Na6 25. Bxa6 bxa6 26. Rc2 Na7 27. Rac1 Bf8 28. Rc7 Be7 29. Qc2 Kg7 30. Qf2 Nb5 31. Rc8 Ra7 32. Qb6 h6 33. Qb8 Bf8 34. Qb6 Be7 35. Rb8 Bf8 36. Rcc8 Kg8 37. Qc6 Kg7 38. Ra8 Nd4 39. Rxa7 Nxc6 40. Rxf7+ Kxf7 41. Rxc6 1-0

[Event "Prague op"]
[Site "Prague"]
[Date "2019.03.10"]
[Round "3"]
[White "Simek, Petr3333"]
[Black "Benes, Miroslav"]
[Result "1-0"]
[WhiteElo "2290"]
[BlackElo "2074"]
[PlyCount "73"]
[EventDate "2019.03.09"]
[EventType "swiss"]
[EventRounds "9"]
[EventCountry "CZE"]
[SourceTitle "CBM 189 Extra"]
[Source "ChessBase"]
[SourceDate "2019.06.03"]
[SourceVersion "1"]
[SourceVersionDate "2019.06.03"]
[SourceQuality "1"]

1. d4 Nf6 2. c4 c5 3. d5 b5 4. cxb5 a6 5. bxa6 g6 6. Nc3 Bxa6 7. e4 Bxf1 8. Kxf1 d6 9. Nf3 Bg7 10. g3 0-0 11. Kg2 Nbd7 12. a4 Qa5 13. Bd2 Ng4 14. h3 Nge5 15. Nxe5 Nxe5 16. Nb5 Qb6 17. Qe2 f5 18. f4 Nd7 19. Bc3 fxe4 20. Qxe4 Rf7 21. Rhd1 Qb7 22. Rd2 Nf6 23. Qc4 Bf8 24. Kh2 Nd7 25. b3 Bh6 26. Re1 Nb6 27. Qe4 c4 28. a5 Nd7 29. bxc4 Nc5 30. Qe2 Na4 31. Bb4 Rc8 32. Ra2 Nc5 33. Bxc5 Rxc5 34. a6 Qa8 35. a7 g5 36. fxg5 Bxg5 37. Rb1 1-0

[Event "CZE-chT2E 1819"]
[Site "Czech Republic"]
[Date "2019.02.10"]
[Round "8.5"]
[White "Benes, Miroslav"]
[Black "Kapusta, Petr"]
[Result "1/2-1/2"]
[WhiteElo "1976"]
[BlackElo "2244"]
[PlyCount "136"]
[EventDate "2018.10.14"]
[EventType "team-tourn"]
[EventRounds "11"]
[EventCountry "CZE"]
[SourceTitle "EXT 2022"]
[Source "ChessBase"]
[SourceDate "2021.10.06"]
[SourceVersion "1"]
[SourceVersionDate "2021.10.06"]
[SourceQuality "1"]
[WhiteTeam "Kromeriz Slavia II"]
[BlackTeam "Vlcnov"]
[WhiteTeamCountry "CZE"]
[BlackTeamCountry "CZE"]

1. d4 Nf6 2. c4 g6 3. Nc3 Bg7 4. e4 d6 5. Nf3 0-0 6. Be2 e5 7. dxe5 dxe5 8. Qxd8 Rxd8 9. Bg5 c6 10. Nxe5 Re8 11. 0-0-0 h6 12. Bf4 Nfd7 13. Nxd7 Nxd7 14. Rhe1 g5 15. Bd2 Ne5 16. f3 Be6 17. b3 a5 18. Na4 b5 19. cxb5 cxb5 20. Bxb5 Rec8+ 21. Kb1 Rab8 22. Bf1 Bd7 23. Nc3 a4 24. Nd5 axb3 25. Ne7+ Kh8 26. Nxc8 bxa2+ 27. Kxa2 Be6+ 28. Ka3 Bf8+ 29. Ka4 Bd7+ 30. Ka5 Nc6+ 31. Ka4 Nd4+ 32. Ka5 Nb3+ 33. Ka6 Nc5+ 34. Ka7 Rxc8 35. Bc3+ Kg8 36. Rxd7 Nxd7 37. Bd4 Rb8 38. Rc1 Rb4 39. Rc4 Rb1 40. Be2 Bd6 41. Rc8+ Nf8 42. Bc4 Rd1 43. Bf6 Be7 44. Bc3 Rd8 45. Rc6 Rd6 46. Kb7 Rxc6 47. Kxc6 Ng6 48. g3 h5 49. Kd7 Kf8 50. Bd4 Bb4 51. Bd5 Bd2 52. Bc5+ Kg7 53. Bd6 h4 54. Ke8 f6 55. Bf7 hxg3 56. hxg3 Bc3 57. Bxg6 Kxg6 58. f4 gxf4 59. gxf4 Kg7 60. Ke7 Kg8 61. Ke6 Bb2 62. Ke7 Bc3 63. e5 fxe5 64. Bxe5 Bb4+ 65. Ke8 Bd2 66. f5 Bg5 67. Bd6 Bf6 68. Be7 Bc3 1/2-1/2

[Event "CZE-chT2E 1819"]
[Site "Czech Republic"]
[Date "2019.01.27"]
[Round "7.6"]
[White "Benes, Miroslav"]
[Black "Slanicay, Gabriel"]
[Result "1-0"]
[WhiteElo "1976"]
[BlackElo "1682"]
[PlyCount "37"]
[EventDate "2018.10.14"]
[EventType "team-tourn"]
[EventRounds "11"]
[EventCountry "CZE"]
[SourceTitle "EXT 2022"]
[Source "ChessBase"]
[SourceDate "2021.10.06"]
[SourceVersion "1"]
[SourceVersionDate "2021.10.06"]
[SourceQuality "1"]
[WhiteTeam "Kromeriz Slavia II"]
[BlackTeam "Kunovice"]
[WhiteTeamCountry "CZE"]
[BlackTeamCountry "CZE"]

1. c4 Nf6 2. Nc3 g6 3. d4 d5 4. Bg5 Ne4 5. Bf4 Nxc3 6. bxc3 Bg7 7. e3 0-0 8. Nf3 b6 9. cxd5 Qxd5 10. Qa4 Bd7 11. Qa3 c5 12. Be2 Nc6 13. 0-0 cxd4 14. cxd4 Qa5 15. Qxa5 Nxa5 16. Ne5 Ba4 17. Ba6 Nc6 18. Bb7 Nxd4 19. exd4 1-0

[Event "Vlcnov Oharka Memorial"]
[Site "Vlcnov"]
[Date "2018.12.26"]
[Round "4"]
[White "Mudrak, Josef"]
[Black "Benes, Miroslav"]
[Result "1-0"]
[WhiteElo "2313"]
[BlackElo "1942"]
[PlyCount "105"]
[EventDate "2018.12.26"]
[EventType "swiss"]
[EventRounds "9"]
[EventCountry "CZE"]
[SourceTitle "CBM 188 Extra"]
[Source "ChessBase"]
[SourceDate "2019.02.26"]
[SourceVersion "1"]
[SourceVersionDate "2019.02.26"]
[SourceQuality "1"]

1. d4 c5 2. dxc5 e6 3. e4 Bxc5 4. Bd3 Nc6 5. Nf3 Nf6 6. 0-0 Qc7 7. c3 a6 8. Qe2 Ng4 9. h3 h5 10. Nbd2 b5 11. a4 b4 12. Nc4 Bb7 13. e5 d5 14. exd6 Bxd6 15. Nxd6+ Qxd6 16. Rd1 Qc7 17. Bg5 Nf6 18. Bh4 Nd5 19. Bg3 Qe7 20. Bc4 h4 21. Nxh4 Na5 22. Bxd5 Bxd5 23. cxb4 Nb3 24. Ra3 Rd8 25. Rxd5 Rxd5 26. Rxb3 Rxh4 27. Bxh4 Qxh4 28. Rc3 Qxb4 29. Qc2 Re5 30. g3 Re1+ 31. Kh2 Qb7 32. Rc8+ Kd7 33. Qd2+ Kxc8 34. Qxe1 Qxb2 35. Qe3 Qa2 36. Qc5+ Kd8 37. a5 Qb2 38. Kg2 Qb1 39. Qd6+ Ke8 40. Qxa6 Qe4+ 41. Kg1 Qe1+ 42. Kg2 Qe4+ 43. Kf1 Qb1+ 44. Ke2 Qb2+ 45. Ke3 Qe5+ 46. Kd3 Qd5+ 47. Kc3 Qf3+ 48. Qd3 Qxf2 49. a6 Qc5+ 50. Kb3 Qb6+ 51. Ka4 Qc6+ 52. Qb5 Kd7 53. a7 1-0